| 000 | 00775nam a22002537a 4500 | ||
|---|---|---|---|
| 001 | 53430 | ||
| 003 | UA-OsUOA | ||
| 005 | 20220826151447.0 | ||
| 007 | ta | ||
| 008 | 20080402b un ||||| |||| 00| 0 ukr d | ||
| 020 | _a9789668767692 | ||
| 040 |
_aUA-OsUOA _bukr _cUA-OsUOA _dUA-OsUOA |
||
| 041 | _aukr | ||
| 080 | _a323(477) | ||
| 090 |
_a323(477) _bС40 |
||
| 100 | _aСирота М. | ||
| 245 |
_aУкраїна в геополітичному просторі третього тисячоліття _cМихайло Сирота |
||
| 260 |
_aК. _bПульсари _c2007 |
||
| 300 |
_a213 с. _bпортр. |
||
| 650 | 7 |
_a32 Політика _2UDC |
|
| 942 |
_cBK _2udc |
||
| 955 | _a2 | ||
| 999 |
_c339518 _d339518 |
||